<?xml version="1.0" encoding="UTF-8"?><marc:collection xmlns:marc="http://www.loc.gov/MARC21/slim">
  <marc:record>
    <marc:leader>00000cam  2200000zi 4500</marc:leader>
    <marc:controlfield tag="001">9.955961</marc:controlfield>
    <marc:controlfield tag="003">CaOODSP</marc:controlfield>
    <marc:controlfield tag="005">20251209114744</marc:controlfield>
    <marc:controlfield tag="006">m     o  d f      </marc:controlfield>
    <marc:controlfield tag="007">cr mn|||||||||</marc:controlfield>
    <marc:controlfield tag="008">251003e202511##oncab   ob   f000 0 fre d</marc:controlfield>
    <marc:datafield tag="020" ind1=" " ind2=" ">
      <marc:subfield code="a">9780660791951</marc:subfield>
    </marc:datafield>
    <marc:datafield tag="040" ind1=" " ind2=" ">
      <marc:subfield code="a">CaOODSP</marc:subfield>
      <marc:subfield code="b">fre</marc:subfield>
      <marc:subfield code="e">rda</marc:subfield>
      <marc:subfield code="c">CaOODSP</marc:subfield>
    </marc:datafield>
    <marc:datafield tag="043" ind1=" " ind2=" ">
      <marc:subfield code="a">n-cn-bc</marc:subfield>
      <marc:subfield code="a">pn-----</marc:subfield>
    </marc:datafield>
    <marc:datafield tag="045" ind1=" " ind2=" ">
      <marc:subfield code="a">x6y1</marc:subfield>
    </marc:datafield>
    <marc:datafield tag="086" ind1="1" ind2=" ">
      <marc:subfield code="a">Fs70-5/2025-069F-PDF</marc:subfield>
    </marc:datafield>
    <marc:datafield tag="100" ind1="1" ind2=" ">
      <marc:subfield code="a">Tucker, Strahan, </marc:subfield>
      <marc:subfield code="e">auteur.</marc:subfield>
    </marc:datafield>
    <marc:datafield tag="245" ind1="1" ind2="0">
      <marc:subfield code="a">Évaluation des stocks de phoque commun du Pacifique (Phoca vitulina richardsi) au Canada en 2019 / </marc:subfield>
      <marc:subfield code="c">Strahan Tucker, Sheena Majewski, Chad Nordstrom, M. Kurtis Trzcinski, Thomas Doniol-Valcroze.</marc:subfield>
    </marc:datafield>
    <marc:datafield tag="264" ind1=" " ind2="1">
      <marc:subfield code="a">Ottawa (Ontario) : </marc:subfield>
      <marc:subfield code="b">Secrétariat canadien de consultation scientifique (SCCS), </marc:subfield>
      <marc:subfield code="c">novembre 2025.</marc:subfield>
    </marc:datafield>
    <marc:datafield tag="264" ind1=" " ind2="4">
      <marc:subfield code="c">©2025</marc:subfield>
    </marc:datafield>
    <marc:datafield tag="300" ind1=" " ind2=" ">
      <marc:subfield code="a">1 ressource en ligne (v, 92 pages) : </marc:subfield>
      <marc:subfield code="b">illustrations (principalement en couleur), cartes en couleur.</marc:subfield>
    </marc:datafield>
    <marc:datafield tag="336" ind1=" " ind2=" ">
      <marc:subfield code="a">texte</marc:subfield>
      <marc:subfield code="b">txt</marc:subfield>
      <marc:subfield code="2">rdacontent/fre</marc:subfield>
    </marc:datafield>
    <marc:datafield tag="337" ind1=" " ind2=" ">
      <marc:subfield code="a">informatique</marc:subfield>
      <marc:subfield code="b">c</marc:subfield>
      <marc:subfield code="2">rdamedia/fre</marc:subfield>
    </marc:datafield>
    <marc:datafield tag="338" ind1=" " ind2=" ">
      <marc:subfield code="a">ressource en ligne</marc:subfield>
      <marc:subfield code="b">cr</marc:subfield>
      <marc:subfield code="2">rdacarrier/fre</marc:subfield>
    </marc:datafield>
    <marc:datafield tag="490" ind1="1" ind2=" ">
      <marc:subfield code="a">Document de recherche, </marc:subfield>
      <marc:subfield code="x">2292-4272 ; </marc:subfield>
      <marc:subfield code="v">2025/069</marc:subfield>
    </marc:datafield>
    <marc:datafield tag="500" ind1=" " ind2=" ">
      <marc:subfield code="a">Publié aussi en anglais sous le titre : Stock assessment of Pacific harbour seals (Phoca vitulina richardii) in Canada in 2019.</marc:subfield>
    </marc:datafield>
    <marc:datafield tag="504" ind1=" " ind2=" ">
      <marc:subfield code="a">Comprend des références bibliographiques.</marc:subfield>
    </marc:datafield>
    <marc:datafield tag="520" ind1="3" ind2=" ">
      <marc:subfield code="a">« Des relevés aériens standardisés ont été effectués entre 2015 et 2019 pour évaluer l'abondance des phoques communs en Colombie-Britannique. Environ 90 % de l'ensemble de la côte ont été observés à l'aide d'aéronefs à voilure fixe pour dénombrer les phoques présents dans les échoueries pendant certaines périodes de marée basse. Il a fallu cinq ans pour effectuer des relevés dans toutes les régions de la Colombie-Britannique, et la présente évaluation représente donc une compilation de ces relevés. Trente-deux émetteurs satellites ont été attachés sur des phoques adultes et juvéniles entre 2019 et 2021 pour estimer la proportion d'individus se trouvant sur un site d'échouerie et pour calculer un facteur de correction permettant de prendre en compte les individus en mer et non présents au moment des relevés. On estime que 78,5 % des phoques se trouvaient hors de l'eau durant les périodes de relevés. Il s'agit d'un changement substantiel par rapport au dernier calcul effectué au début des années 1990, selon lequel 62 % des phoques étaient hors de l'eau. Après avoir appliqué le facteur de correction le plus récent, rajusté les estimations en fonction de la couverture des relevés et additionné les estimations de l'abondance régionale pendant l'année de chaque relevé, nous avons estimé que 84 500 phoques communs (IC à 95 % de 81 160 à 87 970) étaient présents en Colombie-Britannique dans les années 2015 à 2019. La projection de toutes les tendances régionales jusqu'en 2019 a donné une estimation totale de 86 000 phoques communs (IC à 95 %, de 74 750 à 98 990) dans les eaux de la Colombie-Britannique. Le prélèvement biologique potentiel (PBP) a été estimé à 4 895 phoques en 2019. Bien que des allocations régionales du PBP aient été estimées, elles ont été jugées problématiques, car elles pouvaient entraîner des épuisements locaux. La correction des relevés antérieurs visant à prendre en compte les zones non couvertes a donné lieu à une estimation mise à jour pour 2003 à 2008 de 112 400 phoques (IC à 95 % de 108 000 à 117 000), ce qui est semblable à l'estimation initiale de 105 000 phoques (IC à 95 % de 90 900 à 118 900). Compte tenu de l'incertitude entourant les estimations régionales, le stock en 2015-2019 est considéré comme étant stable, ou comme ayant légèrement diminué par rapport à l'évaluation de 2003-2008. L'abondance, la densité et les tendances variaient d'une région à l'autre » -- Résumé, page v.</marc:subfield>
    </marc:datafield>
    <marc:datafield tag="650" ind1=" " ind2="6">
      <marc:subfield code="a">Phoque veau-marin</marc:subfield>
      <marc:subfield code="z">Colombie-Britannique</marc:subfield>
      <marc:subfield code="z">Pacifique, Côte du.</marc:subfield>
    </marc:datafield>
    <marc:datafield tag="650" ind1=" " ind2="6">
      <marc:subfield code="a">Phoques</marc:subfield>
      <marc:subfield code="x">Populations</marc:subfield>
      <marc:subfield code="x">Estimation</marc:subfield>
      <marc:subfield code="z">Colombie-Britannique</marc:subfield>
      <marc:subfield code="z">Pacifique, Côte du.</marc:subfield>
    </marc:datafield>
    <marc:datafield tag="710" ind1="2" ind2=" ">
      <marc:subfield code="a">Secrétariat canadien de consultation scientifique, </marc:subfield>
      <marc:subfield code="e">organisme de publication.</marc:subfield>
    </marc:datafield>
    <marc:datafield tag="710" ind1="1" ind2=" ">
      <marc:subfield code="a">Canada. </marc:subfield>
      <marc:subfield code="b">Ministère des pêches et des océans. </marc:subfield>
      <marc:subfield code="b">Région de la capitale nationale, </marc:subfield>
      <marc:subfield code="e">organisme de publication.</marc:subfield>
    </marc:datafield>
    <marc:datafield tag="775" ind1="0" ind2="8">
      <marc:subfield code="t">Stock assessment of Pacific harbour seals (Phoca vitulina richardii) in Canada in 2019 / </marc:subfield>
      <marc:subfield code="w">(CaOODSP)9.955960</marc:subfield>
    </marc:datafield>
    <marc:datafield tag="830" ind1="#" ind2="0">
      <marc:subfield code="a">Document de recherche (Secrétariat canadien de consultation scientifique)</marc:subfield>
      <marc:subfield code="v">2025/069.</marc:subfield>
      <marc:subfield code="w">(CaOODSP)9.503788</marc:subfield>
    </marc:datafield>
    <marc:datafield tag="856" ind1="4" ind2="0">
      <marc:subfield code="q">PDF</marc:subfield>
      <marc:subfield code="s">4.40 Mo</marc:subfield>
      <marc:subfield code="u">https://publications.gc.ca/collections/collection_2025/mpo-dfo/fs70-5/Fs70-5-2025-069-fra.pdf</marc:subfield>
    </marc:datafield>
  </marc:record>
</marc:collection>
